Normal view
MARC view
Entry Personal Name
001 - CONTROL NUMBER
- control field: 41671
003 - CONTROL NUMBER IDENTIFIER
- control field: ARRUPE
005 - DATE AND TIME OF LATEST TRANSACTION
- control field: 20180504123212.0
008 - FIXED-LENGTH DATA ELEMENTS
- fixed length control field: 180504|| aca||aabn | a|a d
040 ## - CATALOGING SOURCE
- Original cataloging agency: ARRUPE
- Transcribing agency: ARRUPE
100 ## - HEADING--PERSONAL NAME
- Personal name: Barfield, Owen
670 ## - SOURCE DATA FOUND
- Source citation: Work cat.: (ARRUPE)39835: Barfield, Owen, Light on C.S. Lewis, 1965